000 00668nam a2200205 i 4500
001 148831
003 ES-MaACL
005 20250821110903.0
007 t|
008 070214s1979 mx r ||||1| spa d
100 1 _aSuárez, Luis,
_d1918-2003
_9142241
245 1 0 _aEcheverría rompe el silencio
_b: (Vendaval del sistema) /
_cLuis Suárez.
250 _a[1ª ed.].
260 _aMéxico [etc.] :
_bGrijalbo,
_c[1979] (
_fSol)
300 _a243 p. :
_bil. ;
_c23 cm.
600 1 7 _aEcheverría, Luis,
_d1922-
_2
_9169063
651 4 _aMéxico-
_xPolítica y gobierno-
_y1970-1988.
_99072
852 _aES-MaACL
_jL-919
_bR.101618
999 _c148831
_d148831